000 00720nam a2200289Ia 4500
005 20260324114801.0
008 008 260324s9999 xx 000 0 eng d
020 _a9781003139195
037 _aEBOOK
040 _aCRL
040 _beng
040 _cCRL
041 _2eng
041 _aeng
084 _qCRL
100 _aHerman Koren; Alma Mary Anderson
_91152145
245 0 _aManagement and Supervisory Practices for Environmental Professionals
245 0 _bTwo Volume Set
260 _bTaylor and Francis
260 _c2021
365 _a
365 _b400
856 _uhttp://www.taylorfrancis.com/books/9781003139195
942 _cEBOOK
999 _c1742518
_d1742518